Rozpoznaj sklep po wnętrzu - Statystyki

Ogólne statystyki
  • Ten quiz został rozwiązany 106 razy
  • Średni wynik to 12 z 20
Statystyki odpowiedzi
Obrazkowy Odpowiedź % Poprawnych
Biedronka
92%
Żabka
92%
Empik
84%
Hebe
70%
CCC
66%
Media Expert
66%
Pepco
66%
Rossmann
64%
Decathlon
58%
Kik
58%
Lidl
58%
Media Markt
56%
Action
52%
Dino
51%
Kaufland
51%
Stokrotka
49%
Carrefour
41%
4F
40%
Netto
34%
Aldi
27%
Nie znaleziono quizów pasujących do podanych kryteriów
Rozkład punktacji
Procent ludzi z każdym wynikiem
Percentyl według liczby udzielonych odpowiedzi
Twoja historia wyników
Nie rozwiązałeś tego quizu